000 00979nmc a2200349 a 4500
003 AR-BaBNM
005 20251128203917.0
008 011101s1992 ||||||||||||||000 | spa||
020 _a950-701-129-3
040 _cAR-BaBNM
100 1 _aFilmus, Daniel
245 1 0 _aDemandas populares por educación
_bel caso del movimiento obrero argentino
250 _a1ª ed.
260 _aBuenos Aires
_bAique
_c1992
300 0 _a168 p.
_btablas
490 0 _aTranversal
500 0 _aContiene cuadros p. 139-161
504 _aBibliografía citada p. 163-168
610 1 4 _aArgentina
650 4 _aMOVIMIENTO OBRERO
650 4 _aSINDICATOS
650 4 _aEDUCACION NO FORMAL
650 4 _aFORMACION PROFESIONAL
650 4 _aCENTROS DE FORMACION PROFESIONAL
650 4 _aDEMOCRATIZACION DE LA EDUCACION
650 4 _aTRABAJADORES
650 4 _aPOLITICA EDUCATIVA
651 4 _aArgentina
653 _aINVESTIGACION EDUCATIVA
942 _cBK
998 _cCarmen
999 _c5439
_d5439